000 00272nam a2200121 i 4500
001 bg
245 0 _aTechnolgia przetwórstwa ziemniaczanego.
260 _aWarszawa,
_c1972.
040 _cBPK
041 _apol
942 _cKS
008 s pl f |000 0 pol
999 _c16718
_d16718
856 _uhttp://koha.tu.koszalin.pl/cgi-bin/koha/opac-detail.pl?biblionumber=16718
_yKatalog online BPK